| 000 | 00351 a2200133 4500 | ||
|---|---|---|---|
| 003 | Nust | ||
| 005 | 20170207170119.0 | ||
| 040 | _cNust | ||
| 082 | _a799 | ||
| 245 |
_aClosing Address OASJNC-97 by CI C,Photographs-2014 _cMCS |
||
| 260 |
_aRawalpindi _bMCS _c19-12-2014 |
||
| 650 | _aClosing Address OASJNC-97 by CI C,Photographs-2014 | ||
| 651 | _aSweet Memories-MCS | ||
| 942 | _cBK | ||
| 999 |
_c213983 _d213983 |
||